|
|
|
|
| LEADER |
00000cam a2200000 7i4500 |
| 001 |
0000003357 |
| 005 |
20151222.0 |
| 008 |
070718 |
| 020 |
|
|
|a 9832642361(set)
|
| 020 |
|
|
|a 9832642426
|
| 090 |
0 |
0 |
|a JF
|b ENG
|
| 100 |
1 |
|
|a S.M.S.I
|
| 245 |
1 |
0 |
|a I am the grass
|c S.M.S.I
|
| 260 |
|
|
|a Kuala Lumpur :
|b Pustaka Buana ,
|c 2004
|
| 440 |
|
0 |
|a The selected English stories series
|
| 500 |
|
|
|a Children ages 10-12 years old (pink)
|
| 650 |
|
0 |
|a Junior fiction
|x English
|x Languages
|
| 710 |
0 |
|
|a Title
|
| 999 |
|
|
|a 0000004516
|b Book
|c Children Collection
|e Cawangan Taman Universiti
|
| 999 |
|
|
|a 0000004518
|b Book
|c Children Collection
|e Cawangan Taman Universiti
|
| 999 |
|
|
|a 0000004519
|b Book
|c Children Collection
|e Cawangan Taman Universiti
|
| 999 |
|
|
|a 0000919454
|b Book
|c Children Collection
|e Cawangan Bukit Gambir
|
| 999 |
|
|
|a 0000919455
|b Book
|c Children Collection
|e Cawangan Bukit Gambir
|
| 999 |
|
|
|a 0000919456
|b Book
|c Children Collection
|e Cawangan Bukit Gambir
|
| 999 |
|
|
|a 0000929595
|b Book
|c Children Collection
|e Cawangan Tangkak
|
| 999 |
|
|
|a 0000929596
|b Book
|c Children Collection
|e Cawangan Tangkak
|
| 999 |
|
|
|a 0000929597
|b Book
|c Children Collection
|e Cawangan Tangkak
|
| 999 |
|
|
|a 0000964380
|b Book
|c Children Collection
|e Cawangan Bandar Tenggara
|
| 999 |
|
|
|a 0000964381
|b Book
|c Children Collection
|e Perbadanan Perpustakaan Awam Johor
|
| 999 |
|
|
|a 0000964382
|b Book
|c Children Collection
|e Cawangan Batu Pahat
|
| 999 |
|
|
|a 0000964383
|b Book
|c Children Collection
|e Cawangan Batu Pahat
|
| 999 |
|
|
|a 0000964384
|b Book
|c Children Collection
|e Perbadanan Perpustakaan Awam Johor
|
| 999 |
|
|
|a 0001048543
|b Book
|c Children Collection
|e Cawangan Muar
|
| 999 |
|
|
|a 0001048544
|b Book
|c Children Collection
|e Cawangan Mersing
|